| 000 | 00830cam a22002413a 4500 | ||
|---|---|---|---|
| 001 | 13929 | ||
| 003 | PGUSA | ||
| 005 | 20140828083311.0 | ||
| 008 | 041102s2004||||xxu|||||s|||||000 | eng d | ||
| 040 |
_aPGUSA _beng |
||
| 042 | _adc | ||
| 050 | 4 | _aPS | |
| 100 | 1 |
_aBoyesen, Hjalmar Hjorth, _d1848-1895 |
|
| 245 | 1 | 0 |
_aIlka on the Hill-Top and other stories _h[electronic resource] / _cHjalmar Hjorth Boyesen |
| 260 |
_bProject Gutenberg, _c2004 |
||
| 505 | 0 | _aIlka on the hill-top -- Annunciata -- Under the glacier -- A knight of Dannebrog -- Mabel and I (a philosophical fairy tale) -- How Mr. Storm met his destiny. | |
| 506 | _aPublic domain in the USA. | ||
| 516 | _aElectronic text | ||
| 653 | _aShort stories | ||
| 830 | 0 |
_aProject Gutenberg _v13929 |
|
| 856 | 4 | 0 | _uhttp://www.gutenberg.org/ebooks/13929 |
| 942 | _cEB | ||
| 999 |
_c243184 _d243184 |
||